[Event "BL 0405 (Women)"]
[Site "Germany"]
[Date "2004.11.07"]
[Round "2.2"]
[White "Chernova, Maja"]
[Black "Theissl Pokorna, Regina"]
[Result "0-1"]
[WhiteElo "2074"]
[BlackElo "2372"]
[PlyCount "84"]
[EventDate "2004.11.06"]
[EventType "team-tourn"]
[EventRounds "11"]
[EventCountry "GER"]
[SourceTitle "EXT 2006"]
[Source "ChessBase"]
[SourceDate "2005.11.24"]
[SourceVersion "1"]
[SourceVersionDate "2005.11.24"]
[SourceQuality "1"]
[WhiteTeam "Mannheim (W)"]
[BlackTeam "Rodewisch (W)"]
[WhiteTeamCountry "GER"]
[BlackTeamCountry "GER"]

1. e4 e5 2. Nf3 Nc6 3. d4 exd4 4. Nxd4 Bc5 5. Be3 Qf6 6. c3 Nge7 7. Nc2 Bxe3 8. Nxe3 0-0 9. Be2 Qg6 10. Bf3 d6 11. 0-0 Be6 12. Na3 a6 13. Nac2 Ne5 14. Nd4 Rad8 15. Nd5 Bxd5 16. exd5 Rfe8 17. Re1 Nxf3+ 18. Qxf3 Qg5 19. c4 Ng6 20. Qd3 Qxg2+ 21. Kxg2 Nf4+ 22. Kg3 Nxd3 23. Re2 Rxe2 24. Nxe2 Re8 25. Nc3 b6 26. b3 g6 27. Rd1 Nc5 28. Kf4 Kg7 29. Kf3 Nd7 30. Kg3 f5 31. h3 Kf6 32. Kf3 g5 33. Kg3 f4+ 34. Kg2 Kf5 35. Rd2 Ne5 36. Rd1 Ng6 37. Kh2 h5 38. Rd3 Ne5 39. Rd1 g4 40. hxg4+ hxg4 41. Kg2 f3+ 42. Kg1 Ng6 0-1